[Event "EU-ch U10 27th"]
[Site "Mamaia"]
[Date "2017.09.11"]
[Round "6"]
[White "Adamala, Jacek"]
[Black "Spiridovskis, Rafaels"]
[Result "1-0"]
[WhiteElo "1349"]
[BlackElo "1213"]
[PlyCount "47"]
[EventDate "2017.09.05"]
[EventType "swiss"]
[EventRounds "9"]
[EventCountry "ROU"]
[SourceTitle "CBM 180 Extra"]
[Source "ChessBase"]
[SourceDate "2017.10.06"]
[SourceVersion "1"]
[SourceVersionDate "2017.10.06"]
[SourceQuality "1"]

1. e4 e5 2. Nf3 Nc6 3. d4 exd4 4. Bc4 Nf6 5. e5 Ne4 6. 0-0 d5 7. Bb5 a6 8. Bxc6+ bxc6 9. Nxd4 c5 10. Nf3 g6 11. h3 Be6 12. Bg5 Qd7 13. Nc3 c6 14. Bf6 Rg8 15. Ng5 Bf5 16. Nxh7 Bh6 17. Nxe4 Bxe4 18. Bh8 Qe6 19. Nf6+ Kf8 20. Nxg8 Kxg8 21. Bf6 Qf5 22. c4 dxc4 23. Qd6 Rc8 24. Rad1 1-0